00647cam a2200217 a 450000500170000000800410001701000150005802000260007303500130009903700130011204000130012508200060013810000170014424501030016126000360026427000810030030000390038165000030042065100030042370000030042620031230185550.0940308s1993 enkab b 001 0 eng  aENG-101664 c225.00a9788184000290 aEN-85197 bDBAD/PUB adplbEng aS1 aWood, Ramsay10aKalila and dimna :cby Ramsay Wood with an introduction by Doris Lessingbthe pancatantra retold / aNoidabRandom House Indiac2010 aMind Mill Corporate Tower, 2nd Floor, Plot No 24A Sector 16A,bNoidae2013011 aBook one (xviii,282p.)c18cm (pbk) 0